header

Neighborhood structures and crime (Record no. 233833)

MARC details
000 -LEADER
fixed length control field 01655nam a22003614a 4500
082 04 - DEWEY DECIMAL CLASSIFICATION NUMBER
Classification number 364.2/2
100 1# - MAIN ENTRY--AUTHOR NAME
Personal name Kikuchi, George,
245 10 - TITLE STATEMENT
Title Neighborhood structures and crime
260 ## - PUBLICATION, DISTRIBUTION, ETC. (IMPRINT)
Place of publication El Paso :
Name of publisher LFB Scholarly Pub. LLC,
Year of publication c2010.
300 ## - PHYSICAL DESCRIPTION
Number of Pages xiii, 200 p. :
Other physical details ill.
490 1# - SERIES STATEMENT
Series statement Criminal justice: recent scholarship
505 0# - FORMATTED CONTENTS NOTE
Formatted contents note Introduction -- Longitudinal analysis of crime rates at the neighborhood level -- An analysis of spatially varying associations between neighborhood characteristics and crime -- A spatial analysis of criminal offenders' target selection -- Conclusion.
650 #0 - SUBJECT ADDED ENTRY--TOPICAL TERM
Topical Term Criminal statistics.
Topical Term Neighborhoods.
Topical Term Crime analysis.
Topical Term Spatial analysis (Statistics)
856 40 - ELECTRONIC LOCATION AND ACCESS
Uniform Resource Identifier http://site.ebrary.com/lib/rucke/Doc?id=10430491

No items available.

© 2026 Rongo University
Contact us: librarian | system librarian | Rongo university